Регионална библиотека "Любен Каравелов" - Русе

Детска енциклопедия География на света (Запис номер 3556)

MARC детайли
000 -Лидер
Контролно поле с фиксирана дължина 01733nam a2200397 c 4500
003 - Код на организацията, давaща контролен номер
Контролно поле BLK
005 - Дата и час на последна редакция
Контролно поле 20210119145136.0
008 - Елементи от данни с фиксирана дължина
fixed length control field 180412b bul|||||r ||||||| ||bul||
010 ## - Наследен системен номер
LC control number KNG00004652000
020 ## - Международен стандартен номер на книга ISBN
Международен стандартен номер на книга ISBN 954-402-008-Х
040 ## - Източник на каталожния запис
Идентификатор на билиотеката - собственик на записа BLK
041 ## - Код за език
Код за езика на текст/звукозапис или на отделно заглавие Български
Код за езика КДБФ Български
080 ## - УДК
Текстов определител УДК Регионална география
УДК код - определител по УДК 913
УДК определител (100)(031)
УДК - код + определител 913(100)(031)
100 1# - Редна дума - Автор
Автор Варли, Каръл
Авторска отговорност първи автор
R(LIN) 247482
139 ## - Редно поле
Редна дума Варли, Каръл и др.
Авторски знак Вар - В 22
245 10 - Сведения за заглавието
Заглавие Детска енциклопедия География на света
Редно поле (дума) Каръл Варли; съавт. Лайза Майлз; прев. от англ. Иванка Томова.
257 ## - Страна на издаване
Страна на създаване/издаване Великобритания
260 ## - Област на издателските данни
Име на издателя, разпространителя и проч. Петър Берон
Година на издаване 1993
Място на издаване, разпространение и проч. София
300 ## - Физическа характеристика
Страници 128 с.
Илюстрации и др. с цв. ил.
Размери/Мащаб 26 см
380 ## - Жанр
Жанр Детска отраслова лит.
500 ## - Общи забележки
Забележка Ориг. загл. The Usborne Geography Enciclopedia / Carol Varley, Lisa Miles. - Офс. изд. - Речник ; Азб. проказалец на к. ; Предм. показалец.
650 #4 - Допълнително описание по предмет – тема
Основно описание – тема или топоним География - енциклопедии, речници и справочници
9 (RLIN) 247483
650 #4 - Допълнително описание по предмет – тема
Основно описание – тема или топоним Енциклопедии, детски
9 (RLIN) 154962
653 ## - Ключова дума – ненормативна
Ключова дума география
653 ## - Ключова дума – ненормативна
Ключова дума свят
653 ## - Ключова дума – ненормативна
Ключова дума енциклопедии
653 ## - Ключова дума – ненормативна
Ключова дума литература за деца
653 ## - Ключова дума – ненормативна
Ключова дума детска литература
700 1# - Други автори (авторска отговорност)
Лично име Майлз, Лайза
Автороска отговорност (Описва отношението между автора и произведението) съавт.
9 (RLIN) 90894
700 1# - Други автори (авторска отговорност)
Лично име Томова, Иванка
Автороска отговорност (Описва отношението между автора и произведението) прев. от англ.
9 (RLIN) 246556
852 ## - Местоположение
Форматна сигнатура Цб ІІ 10109
856 4# - Електронен адрес и достъп
Електронен формат pdf - файл
Път до файла /url/
856 4# - Електронен адрес и достъп
Електронен формат pdf - файл
Път до файла /url/
999 ## - СИСТЕМНИ КОНТРОЛНИ НОМЕРА
Koha biblionumber 3556
Koha biblioitemnumber 3556
942 ## - АРТИКУЛИ
Вид на библиотечния материал Книги
Скрит в OPAC Не
Периодичен библиозапис Да
944 ## - СЪЗДАВАНЕ И РЕДАКЦИЯ на ЗАПИСА
Създаване/Редакция Създаване
Дата на регистрацията/редакция 10.11.2004
Служител, извършил регистрацията/редакцията Людмила_Стоянова
944 ## - СЪЗДАВАНЕ И РЕДАКЦИЯ на ЗАПИСА
Създаване/Редакция Редакция
Дата на регистрацията/редакция 27.09.2017
Служител, извършил регистрацията/редакцията Вася_Ганчева
999 ## - СИСТЕМНИ КОНТРОЛНИ НОМЕРА
Koha biblioitemnumber 3556
Наличности
Код за отписване Код за изгубен артикул Източник на класификационната схема Код за повреда Коз за рестрикции Код за отдаване Артикулен № Име на библиотеката - собственик Име на библиотеката, в която се намира в момента Статус (Текущо местоположение) Дата на вписване в системата Местоположение - отдел Цена в лева Инвентарен номер Систематично азбучна сигнатура Баркод Номер на екземпляра Цена в евро Служебна бележка Служебен тип на артикула Бележка за публиката
  Не е изгубен Universal Decimal Classification Не е повреден без рестрикции ползва се в читалня 6387 Регионална библиотека "Любен Каравелов" Русе Регионална библиотека "Любен Каравелов" Русе Хранилище 1993-01-01 Хранилище 60.00 594923 Цб ІІ 10109 120000594923 1 30.68 Дост: Dp Вид: Д N: стар фонд Дата: 01.01.1993 Книги  
Изтеглен Не е изгубен Universal Decimal Classification Не е повреден без рестрикции заемане за дома 6388 Регионална библиотека "Любен Каравелов" Русе Регионална библиотека "Любен Каравелов" Русе Детски отдел 1993-01-01 Детски отдел 4.20 587186 Д 91/В 22 587186 2 2.15 Дост: Pk Вид: Ф N: стар фонд Дата: 01.01.1993 Дата инв: 05.10.2015 Бележки инв: Д2015 Книги  
Изтеглен Не е изгубен Universal Decimal Classification Не е повреден без рестрикции заемане за дома 6389 Регионална библиотека "Любен Каравелов" Русе Регионална библиотека "Любен Каравелов" Русе Детски отдел 1993-01-01 Детски отдел 4.20 587188 Д 91/В 22 587188 3 2.15 Дост: Pk Вид: Ф N: стар фонд Дата: 01.01.1993 Дата инв: 30.09.2015 Бележки инв: Д2015 Книги  
Изтеглен Не е изгубен   Не е повреден без рестрикции заемане за дома 6390 Регионална библиотека "Любен Каравелов" Русе Регионална библиотека "Любен Каравелов" Русе   1993-01-01 Детски отдел 0.20 593345 Д 91/В 22 593345 4 0.10 Дост: Pk Вид: Ф N: стар фонд Дата: 01.01.1993 Дата инв: 05.10.2015 Бележки инв: Д2015 Книги Отч.N: 47/2017 , Дата: 05.10.2017
Изтеглен Не е изгубен Universal Decimal Classification Не е повреден без рестрикции заемане за дома 6391 Регионална библиотека "Любен Каравелов" Русе Регионална библиотека "Любен Каравелов" Русе Детски отдел 1993-01-01 Детски отдел 4.20 593341 Д 91/В 22 593341 5 2.15 Дост: Pk Вид: Ф N: стар фонд Дата: 01.01.1993 Дата инв: 23.10.2015 Бележки инв: Д2015 Книги  
Изтеглен Не е изгубен   Не е повреден без рестрикции заемане за дома 6392 Регионална библиотека "Любен Каравелов" Русе Регионална библиотека "Любен Каравелов" Русе   1993-01-01 Детски отдел 4.20 593343 Д 91/В 22 593343 6 2.15 Дост: Pk Вид: Ф N: стар фонд Дата: 01.01.1993 Дата инв: 26.10.2015 Бележки инв: Д2015 Книги Отч.N: 38/2017 , Дата: 07.09.2017
Vip Innovations Ltd, Rousse, Bulgaria 2025